000 00428nam a22001697a 4500
005 20180613155452.0
008 160524b xxu||||| |||| 00| 0 eng d
020 _a81-7014.999-1
041 _aeng
082 _b4783
_a657.2
100 _aGrewal, T.S & Gupta S.C
_91172
245 _aDouble Entry Book Entering
260 _aNew Delhi
_bAcademic Faundation
_c2003
300 _a17.2
650 _aManagement
_9241
942 _cBK
999 _c1622
_d1621